| 000 | | | 03950nmc2a22002653x 450 |
| 001 | | | 04479109-7bab-4257-94ba-5b284fed0f6c |
| 005 | | | 20230719113841.0 |
| 100 | ## | $a | 20230613l19291930k y0rusy50 ca |
| 101 | 0# | $a | rus |
| | $a | mul |
| 102 | ## | $a | RU |
| 105 | ## | $a | a z ||||| |
| 122 | 2# | $a | d19290625 |
| | $a | d19300410 |
| 200 | 1# | $a | Об издании сборника, посвященного описанию народов и стран СССР |
| | $j | 25.06.1929 - 10.04.1930 |
| 215 | ## | $a | 54 листа |
| | $c | табл. |
| | $d | 38,3 х 26,1 |
| 251 | ## | $c | Дело |
| 300 | ## | $a | Часть текста на языках народов СССР |
| 300 | ## | $a | В деле обратная нумерация листов |
| 300 | ## | $a | Часть текста машинописная и рукописная, часть - напечатана типографским способом |
| 324 | ## | $a | В деле имеются копии отдельных документов |
| 461 | #0 | $1 | 001796d4672-8a00-4986-b488-6e42273792cc |
| | $1 | 2001 |
| | $a | ЦЕНТРАЛЬНЫЙ ИСПОЛНИТЕЛЬНЫЙ КОМИТЕТ СССР (ЦИК СССР). |
| | $1 | 251 |
| | $c | Фонд |
| | $1 | 852 |
| | $g | Р |
| | $j | 3316 |
| 462 | #0 | $1 | 0016e6e8ba4-e15f-4ad4-8937-f1e88c150bfe |
| | $1 | 2001 |
| | $a | Дела Секретариата Президиума ЦИК Союза ССР. 1929 г. |
| | $v | Д. 878 |
| | $1 | 251 |
| | $c | Опись |
| | $1 | 852 |
| | $j | 22 |
| 601 | 01 | $3 | RU\NLR\AUTH\880357276 |
| | $a | СССР |
| | $b | ЦИК |
| 801 | #0 | $a | RU |
| | $b | GA_RF |
| 801 | #1 | $a | RU |
| | $b | ГлавНИВЦ |
| | $c | 20230613 |
| | $2 | rusmarc |
| 801 | #2 | $a | RU |
| | $b | ПБ им. Б.Н. Ельцина |
| | $c | 20230719 |
| | $g | RCR |
| | $2 | rusmarc |
| 852 | ## | $a | ГА РФ |
| | $j | 878 |
| 937 | ## | $d | 186653820 |
| | $h | ГАРФ |
| 035 | ## | $a | RuPRLIB51072589 |
| 856 | ## | $u | http://readingroom.main.prlib.ru/item.aspx?id_node=n186653820&mode=full |